00470 a2200121 4500001001000000005001700010008004100027245012000068100002800188700001900216700002400235773008900259ART_1472820260410161613.0260409a 10aLas asesinas de la innovación: cómo las herramientas financieras destruyen su capacidad para hacer cosas nuevas1 aChristensen, Clayton M.1 aShih, Willy C.1 aKaufman, Stephen P.0 tHarvard Business ReviewgLiderazgo y estrategia - Vol. 86, Nº 1 (ene. 2008)wREV340